Assessment: (Record no. 283262)
[ view plain ]
| 000 -LEADER | |
|---|---|
| fixed length control field | 00593nam a2200181Ia 4500 |
| 008 - FIXED-LENGTH DATA ELEMENTS--GENERAL INFORMATION | |
| fixed length control field | 150223s9999 xx 000 0 und d |
| 020 ## - INTERNATIONAL STANDARD BOOK NUMBER | |
| International Standard Book Number | 781795818 |
| 050 ## - LIBRARY OF CONGRESS CALL NUMBER | |
| Classification number | RT 48 |
| Item number | .A876 2003 |
| 245 ## - TITLE STATEMENT | |
| Title | Assessment: |
| Remainder of title | made incredibly easy! / |
| 250 ## - EDITION STATEMENT | |
| Edition statement | 3rd edition |
| 260 ## - PUBLICATION, DISTRIBUTION, ETC. (IMPRINT) | |
| Place of publication, distribution, etc | United states of america: |
| Name of publisher, distributor, etc | Lippincot Williams and Wilkins, |
| Date of publication, distribution, etc | 2003 |
| 300 ## - PHYSICAL DESCRIPTION | |
| Extent | 378 pages : |
| Other physical details | Illustration; |
| Dimensions | 24 cm. |
| 504 ## - BIBLIOGRAPHY, ETC. NOTE | |
| Bibliography, etc | Includes bibliographical references and Index. |
| 520 ## - SUMMARY, ETC. | |
| Summary, etc | nursing assessment |
| 650 ## - SUBJECT ADDED ENTRY--TOPICAL TERM | |
| Topical term or geographic name as entry element | Handbooks |
| General subdivision | Manuals. |
| 650 ## - SUBJECT ADDED ENTRY--TOPICAL TERM | |
| Topical term or geographic name as entry element | Handbooks. |
| 650 ## - SUBJECT ADDED ENTRY--TOPICAL TERM | |
| Topical term or geographic name as entry element | Physical Examination |
| General subdivision | Methods. |
No items available.